FC 24 Dynamic Duos - Statistics

General Stats
  • This quiz has been taken 13 times
    10 since last reset
  • The average score is 5 of 12
Answer Stats
t rat pos club player % Correct
Dynamic Duos 86 CM Inter Milan Davy Klassen
75%
Dynamic Duos 86 CDM Brentford Frank Onyeka
75%
Dynamic Duos 84 LB AS Monaco Caio Henrique
50%
Dynamic Duos 84 ST Mainz 05 Karim Onisiwo
50%
Dynamic Duos 86 RM UD Almería Largie Ramazani
50%
Dynamic Duos 84 LB Frosinone Calcio Antonio Gallo
38%
Dynamic Duos 84 CB Frosinone Calcio Federico Baschirotto
38%
Dynamic Duos 84 LW Olympique Lyonnais Jeffinho
38%
Dynamic Duos 84 RB Mainz 05 Philipp Mwene
38%
Dynamic Duos 85 ST Nottingham Forest Taiwo Awoniyi
38%
Dynamic Duos 85 ST Bologna Joshua Zirkzee
25%
Dynamic Duos 85 CB RCD Mallorca Siebe van der Hayden
25%
No matching quizzes found
Score Distribution
Percent of People with Each Score
Percentile by Number Answered
Your Score History
You have not taken this quiz since the last reset